MARC

LEADER 00000nam^a2200000^a^4500
001 000187075
005 20250521000000.0
009 20260310102247.674
020 |a 968-7420-17-0 
037 |a Acervo ITESO - Biblioteca 
041 |a ESP 
082 |a 302. 2301  |b LAR 
100 |a Lara Klahr, Marco  |e (coord.) 
245 1 0 |a Violencia y medios :  |b seguridad pública, noticias y construcción del miedo /  |c Coord. e introd. de M. Lara Klahr, E. López Portillo Vargas. 
264 4 |a México :  |b Instituto para la Seguridad y la Democracia :  |b Centro de Investigación y Docencia Económicas,  |c 2004, c2004 
300 |a 150 p. 
336 |a texto  |b txt  |2 rdacontenido 
337 |a sin mediación  |b n  |2 rdamedio 
338 |a volumen  |b nc  |2 rdasoporte 
649 |a XX 
650 |a Policía -  |z México 
650 |a Violencia en los Medios de Comunicación 
650 |a Medios de Comunicación y Problemas Sociales 
650 |a Derecho a la Información 
650 |a Libertad de Expresión 
650 |a Responsabilidad 
650 |a Etica Periodística 
650 |a Etica Profesional 
650 |a Comunicación y Democracia 
650 |a Comunicación y Política 
650 |a Nota Roja 
650 |a Amarillismo -  |z EUA 
650 |a Periodismo -  |z EUA 
650 |a Periodismo 
650 |a Medios de Comunicación 
650 |a Comunicación Masiva 
650 |a Prácticas Académicas de la Comunicación 
650 |a Comunicación -  |x Prácticas Profesionales 
650 |a Seguridad Pública -  |z México -  |x Historia -  |y 2000-2006 
650 |a Seguridad Pública 
650 |a Corrupción -  |z México 
650 |a Miedo 
650 |a Salud Pública 
650 |a Problemas Sociales 
650 |a Sociología de la Comunicación 
700 |a López Portillo Vargas, Ernesto  |e (coordinación) 
910 |a Fondo General 
920 |a Impresos - Libros 
930 |a Colección General 
905 |a 101 
901 |a 0500128989  |b IT1  |c ACC  |u 20250521 
902 |a https://opac.biblio.iteso.mx/vufind/Record/000187075